Estadísticas para Países más Grandes que Limitan con Otros

Haz click aquí para tomar la prueba!

Estadísticas generales

  • Esta prueba ha sido tomada 829 veces
  • La puntuación promedio es 20 de 22

Estadísticas de respuestas

País % Correcto
China
100%
Rusia
100%
Brasil
98%
Canadá
98%
Estados Unidos
98%
Argentina
97%
India
97%
México
96%
Mongolia
95%
Colombia
93%
Perú
92%
Bolivia
91%
Kazajistán
91%
Sudán
85%
Argelia
85%
R. D. Congo
84%
Chad
83%
Libia
83%
Níger
80%
Pakistán
78%
Malí
77%
Angola
67%

Distribución de puntuación

Porcentaje por número respondido

Porcentaje de gente con cada puntuación

Historial de tus puntuaciones

No has tomado esta prueba